World economic outlook. October 2001 <the> information technology revolution

Salvato in:
Dettagli Bibliografici
Natura: Libro
Lingua:inglese
Pubblicazione: Washington IMF 2001
Serie:World economic and financial surveys
Soggetti:
Tags: Aggiungi Tag
Nessun Tag, puoi essere il primo ad aggiungerne!!

MARC

LEADER 00000nam a2200000 4500
001 c129825
005 20221124104146.8
020 |a 1-58906-073-3 
022 |a 0258-7440 
041 0 |a eng 
044 |a US 
245 1 0 |a World economic outlook. October 2001  |b <the> information technology revolution 
264 1 |a Washington  |b IMF  |c 2001 
300 |a 274 s. 
490 1 |a World economic and financial surveys 
830 0 |a World economic and financial surveys 
610 2 0 |a situácia hospodárska 
610 2 0 |a politika hospodárska 
610 2 0 |a technológie informačné 
610 2 0 |a prognózovanie 
610 2 0 |a prognózy krátkodobé 
610 2 0 |a cykly obchodné 
610 2 0 |a krajiny rozvojové 
610 2 0 |a krajiny vyspelé 
610 2 0 |a produktivita práce 
610 2 0 |a integrácia 
610 2 0 |a financie 
610 2 0 |a kapitál 
610 2 0 |a údaje štatistické 
610 2 0 |a výroba 
610 2 0 |a inflácia 
610 2 0 |a politika finančná 
610 2 0 |a obchod zahraničný 
610 2 0 |a účty bežné 
610 2 0 |a bilancie 
610 2 0 |a zadlženosť zahraničná 
610 2 0 |a porovnanie štatistické medzinárodné 
610 2 0 |a svet 
610 2 0 |a október 
610 2 0 |a 2001 
610 2 0 |a Medzinárodný menový fond